00801cam a22002293a 45000010005000000030006000050050017000110080041000280400015000690420007000840500007000911000029000982450082001272600029002095050145002385060030003835160020004136530048004337000021004818300028005028560041005305592PGUSA20140828083122.0041115s2004||||xxu|||||s|||||000 1 eng d aPGUSAbeng adc 4aPT1 aEbers, Georg,d1837-189814aThe Complete Short Works of Georg Ebersh[electronic resource] /cGeorg Ebers bProject Gutenberg,c20040 aIn the Blue Pike -- A question -- The elixir -- The Greylock: a fairy tale -- The nuts: A Christmas story for my children and grandchildren. aPublic domain in the USA. aElectronic text aGerman fiction -- Translations into English1 aSafford, Mary J. 0aProject Gutenbergv559240uhttp://www.gutenberg.org/ebooks/5592